Water reports; No.22: Deficit irrigation practices
Gorde:
| Formatua: | Liburua |
|---|---|
| Hizkuntza: | Undetermined |
| Argitaratua: |
Rome, Italy
FAO
2002
|
| Gaiak: | |
| Etiketak: |
Etiketa erantsi
Etiketarik gabe, Izan zaitez lehena erregistro honi etiketa jartzen!
|
| Thư viện lưu trữ: | Trung tâm Học liệu Trường Đại học Cần Thơ |
|---|
| LEADER | 00397nam a2200145Ia 4500 | ||
|---|---|---|---|
| 001 | CTU_54961 | ||
| 008 | 210402s9999 xx 000 0 und d | ||
| 082 | |a 631.587 | ||
| 082 | |b W324/No.22 | ||
| 245 | 0 | |a Water reports; No.22: Deficit irrigation practices | |
| 260 | |a Rome, Italy | ||
| 260 | |b FAO | ||
| 260 | |c 2002 | ||
| 650 | |a irrgation | ||
| 980 | |a Trung tâm Học liệu Trường Đại học Cần Thơ | ||